|
|
|
|
| LEADER |
01428nam a2200313 a 4500 |
| 001 |
38060 |
| 003 |
BD-DhAAL |
| 005 |
20220315102432.0 |
| 008 |
220315t1991 dcua b i100 0 eng d |
| 999 |
|
|
|c 43779
|d 43779
|
| 010 |
|
|
|a 91222709
|
| 020 |
|
|
|a 1557751854 :
|c $28.50
|
| 040 |
|
|
|a DLC
|c DLC
|d DLC
|d BD-DhAAL
|
| 050 |
0 |
0 |
|a HG1811
|b .D685 1991
|
| 082 |
0 |
0 |
|a 332.11
|2 20
|
| 100 |
1 |
|
|a Downes, Patrick.
|9 46982
|
| 245 |
1 |
4 |
|a The evolving role of central banks :
|b papers presented at the Fifth Seminar on Central Banking, Washington, D.C., November 5-15, 1990 /
|c edited by Patrick Downes, Reza Vaez-Zadeh.
|
| 260 |
|
|
|a Washington, D.C. :
|b Central Banking Dept., International Monetary Fund,
|c c1991.
|
| 300 |
|
|
|a xi, 458 pages :
|b illustrations ;
|c 23 cm.
|
| 504 |
|
|
|a Includes bibliographical references (pages 445-455).
|
| 541 |
|
|
|a Donated By Akbar Ali Khan
|e 38060
|
| 650 |
|
0 |
|a Banks and banking, Central
|x Congresses.
|9 46983
|
| 700 |
1 |
|
|a Downes, Patrick.
|9 46982
|
| 700 |
2 |
|
|a Vaez-Zadeh, Reza.
|9 46984
|
| 710 |
2 |
|
|a International Monetary Fund.
|b Central Banking Department.
|9 46985
|
| 711 |
2 |
|
|a Central Banking Seminar
|n (5th :
|d 1990 :
|c Washington, D.C.)
|9 46986
|
| 852 |
|
|
|a Ayesha Abed Library
|c Akbar Ali Khan Collection
|
| 942 |
|
|
|2 ddc
|c BK
|
| 952 |
|
|
|0 0
|1 0
|2 ddc
|4 0
|6 332_110000000000000_DOW
|7 1
|9 70140
|a BRACUL
|b BRACUL
|c AAKC
|d 2022-03-15
|e Donated by Akbar Ali Khan
|l 0
|o 332.11 DOW
|p 3010038060
|r 2024-01-21
|t 1
|w 2022-03-15
|y BK
|